ARRUPE JESUIT UNIVERSITY

CORONAVIRUS -STOP THE SPREAD - CLEAN,DISINFECT,COVER

Ghosts of Kanungu : (Record no. 130825)

MARC details
000 -LEADER
fixed length control field 01664cam a22004217a 4500
001 - CONTROL NUMBER
control field 16224498
003 - CONTROL NUMBER IDENTIFIER
control field ARRUPE
005 - DATE AND TIME OF LATEST TRANSACTION
control field 20211014092433.0
008 - FIXED-LENGTH DATA ELEMENTS--GENERAL INFORMATION
fixed length control field 100510s2009 ug abf b 001 0 eng c
010 ## - LIBRARY OF CONGRESS CONTROL NUMBER
LC control number 2010278335
015 ## - NATIONAL BIBLIOGRAPHY NUMBER
National bibliography number GBA982224
Source bnb
016 7# - NATIONAL BIBLIOGRAPHIC AGENCY CONTROL NUMBER
Record control number 015352434
Source Uk
020 ## - INTERNATIONAL STANDARD BOOK NUMBER
International Standard Book Number 9781847010094 (hbk. : James Currey)
020 ## - INTERNATIONAL STANDARD BOOK NUMBER
International Standard Book Number 1847010091 (hbk. : James Currey)
020 ## - INTERNATIONAL STANDARD BOOK NUMBER
International Standard Book Number 9789970027323 (hbk. : Fountain)
020 ## - INTERNATIONAL STANDARD BOOK NUMBER
International Standard Book Number 9970027328 (hbk. : Fountain)
035 ## - SYSTEM CONTROL NUMBER
System control number (OCoLC)ocn351324472
040 ## - CATALOGING SOURCE
Original cataloging agency UKM
Transcribing agency UKM
Modifying agency BTCTA
-- YDXCP
-- BWKUK
-- BWX
-- TOZ
-- DLC
042 ## - AUTHENTICATION CODE
Authentication code pcc
043 ## - GEOGRAPHIC AREA CODE
Geographic area code f-ug---
044 ## - COUNTRY OF PUBLISHING/PRODUCING ENTITY CODE
MARC country code ug
-- enk
-- nyu
050 00 - LIBRARY OF CONGRESS CALL NUMBER
Classification number BX9998
Item number .V64 2009
300 ## - PHYSICAL DESCRIPTION
Other physical details ill., maps ;
Dimensions 24 cm.
100 1# - MAIN ENTRY--PERSONAL NAME
Personal name Vokes, Richard.
9 (RLIN) 50453
245 10 - TITLE STATEMENT
Title Ghosts of Kanungu :
Remainder of title fertility, secrecy & exchange in the Great Lakes of East Africa /
Statement of responsibility, etc Richard Vokes.
260 ## - PUBLICATION, DISTRIBUTION, ETC. (IMPRINT)
Place of publication, distribution, etc Kampala, Uganda :
Name of publisher, distributor, etc Fountain Publishers ;
Place of publication, distribution, etc Woodbridge, UK ;
-- Rochester, NY :
Name of publisher, distributor, etc James Currey,
Date of publication, distribution, etc c2009.
300 ## - PHYSICAL DESCRIPTION
Extent xiii, 240 p., 3 p. of plates :
490 1# - SERIES STATEMENT
Series statement African anthropology
504 ## - BIBLIOGRAPHY, ETC. NOTE
Bibliography, etc Includes bibliographical references (p. 226-233) and index.
610 20 - SUBJECT ADDED ENTRY--CORPORATE NAME
Corporate name or jurisdiction name as entry element Movement for the Restoration of the Ten Commandments of God.
9 (RLIN) 50380
650 #0 - SUBJECT ADDED ENTRY--TOPICAL TERM
Topical term or geographic name as entry element Fires
General subdivision Casualties
Geographic subdivision Uganda
-- Kanungu.
9 (RLIN) 50454
650 #0 - SUBJECT ADDED ENTRY--TOPICAL TERM
Topical term or geographic name as entry element Mass burials
Geographic subdivision Uganda
-- Kanungu.
9 (RLIN) 50455
650 #0 - SUBJECT ADDED ENTRY--TOPICAL TERM
Topical term or geographic name as entry element Fire investigation
Geographic subdivision Uganda
-- Kanungu.
9 (RLIN) 50456
651 #0 - SUBJECT ADDED ENTRY--GEOGRAPHIC NAME
Geographic name Kanungu (Uganda)
General subdivision Social conditions
Chronological subdivision 20th century.
9 (RLIN) 50457
830 #0 - SERIES ADDED ENTRY--UNIFORM TITLE
Uniform title African anthropology.
9 (RLIN) 50458
906 ## - LOCAL DATA ELEMENT F, LDF (RLIN)
a 7
b cbc
c pccadap
d 2
e ncip
f 20
g y-gencatlg
942 ## - ADDED ENTRY ELEMENTS (KOHA)
Source of classification or shelving scheme Library of Congress Classification
Koha item type Monograph ( Printed materials)
Holdings
Withdrawn status Lost status Source of classification or shelving scheme Damaged status Not for loan Collection code Home library Current library Shelving location Date acquired Total Checkouts Full call number Barcode Date last seen Price effective from Koha item type
    Library of Congress Classification     Main Collection ARRUPE LIBRARY ARRUPE LIBRARY Main Collection 14/10/2021   BX9998 .V64 2009 46600007324 14/10/2021 14/10/2021 Monograph ( Printed materials)

 

Arrupe Library. PO Box MP320 Mt Pleasant, Harare, Zimbabwe
263 242 745411|librarian@aju.ac.zw